| 000 | 01781nam a2200325 a 4500 | ||
|---|---|---|---|
| 001 | BRCA_3447 | ||
| 005 | 20190320204304.0 | ||
| 041 | _arus | ||
| 044 | _aru | ||
| 084 |
_a736 _b.S36 _c1881 |
||
| 100 | 1 |
_aCervantes Saavedra, Miguel de _d1547-1616 _9213 |
|
| 245 | 1 | 0 |
_aDon-Kihot Lamancskij _cSocinenie Migelja Servantesa Saaveddry. |
| 260 |
_aSan Petersburgo _bIzdanie N. A. Scigina _c1881 |
||
| 300 |
_a2 v. _bil. _c25 cm. |
||
| 500 | _aContenido : v.1. Primera parte. Retrato del autor. Vida de Cervantes. Breve estudio de su obra. -- v.2. Segunda parte. ´El donquijotismo y el demonismo´, escrito por V. Karelin | ||
| 500 | _aEdición : S 312 risunkami. Perevod s ispanskago V. Karelina s prilozeniem kriticeskago etjuda V. Karelina: ´Donkihotizm´ i ´Demonizm´. Izdanie tre´e illjustrirovannoe | ||
| 500 | _aTraducción rusa de V. Karelin, hecha sobre la versión francesa del Quijote, como lo probó el hispanista ruso Smirnov, a pesar de la afirmación contraria del traductor Karelin, quien dice haberla traducido directamente del original español. Versión aceptable, bien impresa y profusamente ilustrada con los dibujos de Johannot y Roux. Tela; lomos y planos decorados con dorados Lúdovik Osterc | ||
| 500 | _aEstado físico : Encuadernación maltratada | ||
| 500 | _aQM561 | ||
| 546 | _aTexto en : ruso | ||
| 650 | 1 | 4 |
_aNovela española _yÉpoca clásica, 1500-1700 _9215 |
| 650 | 1 | 4 |
_aLiteratura española _yÉpoca clásica, 1500-1700 _9216 |
| 650 | 1 | 4 |
_aNovela española _ySiglo XVII _9217 |
| 650 | 1 | 4 |
_aDon Quijote (Personaje ficticio) _eNovela _9218 |
| 700 | 1 |
_aKarelin, V. _eTraductora _99018 |
|
| 700 | 1 |
_aJohannot, Tony _d1803-1852 _eIlustrador _99019 |
|
| 740 | 0 | _aEl Ingenioso Hidalgo Don Quijote de la Mancha | |
| 902 | _aQFM | ||
| 942 |
_2lcc _cB |
||
| 999 |
_c3183 _d3183 |
||